<?xml version="1.0" encoding="UTF-8"?>
<marc:record xmlns:marc="http://www.loc.gov/MARC21/slim">
   <marc:leader>00000nam a2200000 a 4500</marc:leader>
   <marc:datafield ind1="1" ind2=" " tag="100">
      <marc:subfield code="a">Günther, Sybille</marc:subfield>
      <marc:subfield code="4">ctb</marc:subfield>
      <marc:subfield code="e">Mitwirkende/-r</marc:subfield>
   </marc:datafield>
   <marc:datafield ind1="1" ind2=" " tag="100">
      <marc:subfield code="a">Heinlein, Kerstin</marc:subfield>
      <marc:subfield code="4">ctb</marc:subfield>
      <marc:subfield code="e">Mitwirkende/-r</marc:subfield>
   </marc:datafield>
   <marc:datafield ind1=" " ind2=" " tag="653">
      <marc:subfield code="a">Gruppenspiel</marc:subfield>
   </marc:datafield>
   <marc:datafield ind1=" " ind2=" " tag="653">
      <marc:subfield code="a">Altersgemischte Gruppe</marc:subfield>
   </marc:datafield>
   <marc:datafield ind1=" " ind2=" " tag="653">
      <marc:subfield code="a">Familienzentren</marc:subfield>
   </marc:datafield>
   <marc:datafield ind1=" " ind2=" " tag="653">
      <marc:subfield code="a">Krippe</marc:subfield>
   </marc:datafield>
   <marc:datafield ind1=" " ind2=" " tag="653">
      <marc:subfield code="a">Kiga</marc:subfield>
   </marc:datafield>
   <marc:datafield ind1=" " ind2=" " tag="653">
      <marc:subfield code="a">ErzieherInnen-Fachschule&lt;BR&gt;</marc:subfield>
   </marc:datafield>
   <marc:datafield ind1=" " ind2=" " tag="653">
      <marc:subfield code="a">Beispielsammlung</marc:subfield>
   </marc:datafield>
   <marc:datafield ind1="0" ind2="0" tag="245">
      <marc:subfield code="a">Klein und Groß im Kinderhaus</marc:subfield>
   </marc:datafield>
   <marc:datafield ind1="0" ind2="0" tag="245">
      <marc:subfield code="b">gemeinsam leben, lernen, spielen in der altersgemischten Gruppe ; Konzepte - Ziele - Methoden</marc:subfield>
   </marc:datafield>
   <marc:datafield ind1="0" ind2="0" tag="245">
      <marc:subfield code="c">Sybille Günther. Ill. von Kerstin Heinlein</marc:subfield>
   </marc:datafield>
   <marc:datafield ind1=" " ind2="1" tag="264">
      <marc:subfield code="a">Münster</marc:subfield>
      <marc:subfield code="b">Ökotopia-Verl.</marc:subfield>
      <marc:subfield code="c">2011</marc:subfield>
   </marc:datafield>
   <marc:datafield ind1=" " ind2=" " tag="250">
      <marc:subfield code="a">1. Aufl.</marc:subfield>
   </marc:datafield>
   <marc:datafield ind1="1" ind2=" " tag="520">
      <marc:subfield code="a">Angaben aus der Verlagsmeldung

Klein und Groß im Kinderhaus : Gemeinsam leben, lernen, spielen in der altersgemischten Gruppe / von Sybille Günther

Von Krippe bis Hort: altersgemischte Gruppen von 0–10 Jahren
Was tun, wenn Kinder unter Drei in den Kiga aufgenommen werden oder das Angebot auf die Betreuung von Hortkindern ausgeweitet wird?
Das vorliegende Buch gibt fundierte Antworten darauf, wie ein gemeinsames Leben, Lernen und Spielen in Gruppen mit erweiterter Altersmischung möglich und für alle Beteiligten ein Gewinn ist.
Es beginnt mit einem Rundgang durch zwei Kinderhäuser und beschreibt anschaulich, wie es in altersgemischten Gruppen zugeht. Es folgen pädagogisch-konzeptionelle und organisatorische Aspekte sowie methodische Prinzipien. Praxisnah beschreibt die Autorin u.a. wie eine flexible Raumgestaltung, eine bedürfnisorientierte Begleitung der Kinder oder die Arbeitsorganisation im Team aussehen kann.
Ausgehend von den Kompetenzen und Bedürfnissen der jeweiligen Altersgruppe bietet das Buch zudem über hundert Spielideen für das gemeinsame Spielen an: Spiele für zwischendurch, für themengebundene Aktionen, für Projekte und gemeinsame Feste.
</marc:subfield>
   </marc:datafield>
   <marc:datafield ind1=" " ind2=" " tag="020">
      <marc:subfield code="a">9783867021371</marc:subfield>
      <marc:subfield code="9">9783867021371</marc:subfield>
   </marc:datafield>
   <marc:datafield ind1=" " ind2=" " tag="041">
      <marc:subfield code="a">ger</marc:subfield>
   </marc:datafield>
   <marc:datafield ind1=" " ind2=" " tag="300">
      <marc:subfield code="a">117 S.</marc:subfield>
   </marc:datafield>
</marc:record>
